Semi Enclaved Countries - Statistics

General Stats
  • This quiz has been taken 28 times
  • The average score is 5 of 7
Answer Stats
Country % Correct
Andorra
95%
Liechtenstein
91%
Eswatini
82%
Bhutan
73%
Nepal
73%
Mongolia
64%
Moldova
50%
No matching quizzes found
Score Distribution
Percent of People with Each Score
Percentile by Number Answered
Your Score History
You have not taken this quiz